000 00355 a2200133 4500
000 nam a22 7a 4500
100 _aBhat, Manjula
110 _aBhat, Manjula
245 _aIntroduction to Indian Foreign Policy
250 _aLatest edition
260 _bOxford University Press
_c2025
264 _bOxford University Press
_c2025
942 _cBK
999 _c395951
_d395951